000 00271cam a22000977a 4500
008 180718b1950 xxu||||| |||| 00| 0 eng d
082 _aLoox5421 Ut8s
245 _aSub- treasury manual
260 _aAllahabad
_bSuperintendent Printing and Stationery
_c1950
300 _a255+p.
999 _c429283
_d429283